Ensayos elementales en una tarea educativa

En este libro se encuentran una serie de ensayos escritos desde la década de los 50's hasta los 70's, donde el autor recoge su experiencia como profesor de secundaria y su preocupación por dar una excelente formación a sus jóvenes estudiantes.

Αποθηκεύτηκε σε:
Λεπτομέρειες βιβλιογραφικής εγγραφής
Κύριος συγγραφέας: Eraso, Rogerio
Μορφή: Βιβλίο
Γλώσσα:Spanish
Έκδοση: Bogotá: El Catolicismo, 1971
Θέματα:
Διαθέσιμο Online:Enlace del recurso
Ετικέτες: Προσθήκη ετικέτας
Δεν υπάρχουν, Καταχωρήστε ετικέτα πρώτοι!

MARC

LEADER 00000nam a2200000 a 4500
001 001218
008 030703s1971 ck # fr# #000|0#spa#d
041 0 |a spa 
043 |a s-ck--- 
082 0 4 |a 370.092  |b E517e 
100 1 |a Eraso, Rogerio 
245 1 0 |a Ensayos elementales en una tarea educativa   |c Rogerio Eraso 
260 |a Bogotá:  |b El Catolicismo,  |c 1971 
300 |a 409 p. 
520 3 |a En este libro se encuentran una serie de ensayos escritos desde la década de los 50's hasta los 70's, donde el autor recoge su experiencia como profesor de secundaria y su preocupación por dar una excelente formación a sus jóvenes estudiantes. 
650 1 4 |a EDUCACIÓN  |z COLOMBIA 
650 1 4 |a PEDAGOGÍA 
999 |c 3370  |d 3370 
856 |u https://catalogo.idep.edu.co/cgi-bin/koha/opac-detail.pl?biblionumber=3370  |z Enlace del recurso